Random trivia quiz Stats

 Plays Quiz not verified by Sporcle

Also try: More Glass Animals
Challenge
Share
Tweet
Embed
Score 0/10 Timer 10:00
0 Plays Today
Question Answer % Correct
which football team holds the record for the longest sequence of unbeaten home league matches in english football?chelsea
69.2%
which team was the first in football league history to win 3 consecutive league titles?huddersfield town
26.9%
what is the name of the protagonist in final fantasy vii?cloud strife
26.9%
in which game, published by Bethesda Softworks, would you find a 'super mutant'?fallout 3
26.9%
who has the highest number of appearances on Qi, excluding stephen fry and alan davies?jo brand
26.9%
who is the president of the FA?prince william
26.9%
which film, starring tom hanks, was nominated for the 1999 best picture academy award?the green mile
23.1%
which dj produced wheres my money?tc
15.4%
which team is generally considered to have been the first ever team to play brazil in a football game?exeter city
11.5%
who is the official 2010 fifa world cup mascot?zakumi
7.7%

You're not logged in!

Compare scores with friends on all Sporcle quizzes.
OR
Log In

You Might Also Like...

Show Comments

Extras

Created Jun 22, 2010ReportNominate

Top Quizzes Today


Score Distribution

Your Account Isn't Verified!

In order to create a playlist on Sporcle, you need to verify the email address you used during registration. Go to your Sporcle Settings to finish the process.

Report this User

Report this user for behavior that violates our Community Guidelines.

Details: